Top 20 Words Starting With CA - Statistics

General Stats
  • This quiz has been taken 957 times
  • The average score is 9 of 20
Answer Stats
freq word % Correct
5050 can
98%
631 car
97%
472 came
91%
822 call
87%
528 care
78%
1047 case
69%
153 card
58%
174 cash
57%
210 catch
46%
414 carry
39%
435 cause
31%
108 castle
24%
112 captain
23%
275 capital
21%
134 cabinet
11%
174 career
11%
100 category
9%
214 campaign
6%
122 capacity
6%
120 candidate
5%
No matching quizzes found
Score Distribution
Percent of People with Each Score
Percentile by Number Answered
Your Score History
You have not taken this quiz